000 00456nam a2200193Ia 4500
005 20250423095349.0
008 250422s9999 xx 000 0 und d
020 _a978-0-273-75444-2
050 _aHG 173 .M574/
100 _aMishkin, Frederic S.
245 0 _aFinancial markets and institutions
250 _a7th ed.
260 _aHarlow
260 _bPearson
260 _c2012
300 _a663 p
650 _aFinancial Markets
942 _cBK
999 _c30052
_d30052